| 000 | 00554nam a22001937a 4500 | ||
|---|---|---|---|
| 003 | MPLRDC | ||
| 005 | 20220104124023.0 | ||
| 008 | 210129b ||||| |||| 00| 0 eng d | ||
| 020 | _a957-30266-4-3 | ||
| 082 | _a855 WLYS c.2 | ||
| 100 | _a网络与书编辑部 | ||
| 245 |
_a词典的两个世界 _c |
||
| 250 | _a初版 | ||
| 260 |
_a台湾 _b英属盖曼群岛商网路与书股份有限公司台湾分公司 _c2002 |
||
| 300 | _b150 | ||
| 490 | _aNET AND BOOKS 网络与书: 05 | ||
| 650 | _a散文;随笔、日记 | ||
| 942 |
_cBK _o855 WLYS c.2 |
||
| 999 |
_c16015 _d16005 |
||